Statistics for Little Shop of Horrors - Feed Me - Missing Lyrics

Click here to take the quiz!

General Stats

  • This quiz has been taken 19 times
  • The average score is 50 of 75

Answer Stats

Seymore Audrey II Missing Lyric % Correct
You eat _____, Audrey II, let's face itBlood
100%
____ meFeed
100%
If I can ____ and I can moveTalk
92%
Feed me all _____ longNight
92%
How am I ________ to keep on feeding you?Supposed
92%
____ people?Kill
92%
I'll make it worth your _____While
92%
Does it have to be _____?Human
83%
I can grow up ___ and strong. He he heBig
83%
Dining out for every ____Meal
83%
Should I go and _______Perform
75%
I don't ____Knooo-ooo-oow
75%
I don't ____Know
75%
You're gonna ___ it, if you want it, babyGet
75%
Think about a room at the ____Ritz
75%
Ha! That's _____, boy!Right
75%
You ___ do itCan
75%
That's not a very ____ thing to say!Nice
67%
And get me some _____!Lunch
67%
There must be someone you could eighty-six reeeal _____-likeQuiet
67%
How 'bout that ____________Auuuuudrey
67%
One __________ girlParticular
67%
Money? _____?Girls
67%
Gee, I'd like a ______ machineHarley
67%
You didn't have _______ 'till you met meNothing
67%
Does it have to be ____?Mine
67%
I have so, so many ______Strong
67%
_____ am I supposed to get it?Where
67%
Toolin' around like I was _____ DeanJames
67%
Wait a ______! Waite a ______!Minute
67%
Look, you're a plant. An ________ objectInanimate
67%
I'm the plant to make it all ____Real
67%
Like see you get everything your secret, _____ heart desiresGreasy
67%
I'm your willing _____Slave
67%
Hey, I'm your _____, I'm your friendGenie
67%
You think this is all a __________, baby?Coincidence
67%
Take a ______, feed me andChance
67%
How about a ____ with Heady Lamarr?Date
58%
Who's to say I can't do ________ I want?Anything
58%
Like _______, pal! Ah!Deliver
58%
Would you like a ________ car?Cadillac
58%
Or a guest shot on ____ Paar?Jack
58%
But it's ____, isn't it?True
58%
The sudden _______ around hereSuccess
58%
___________Mutilations
58%
____________Reservations
58%
Wrapped in ______, covered in glitzVelvet
58%
Alotta _____ deserve to die!Folks
58%
No! I don't know anyone who deserves to get chopped up and fed to a ______ plant!Hungry
58%
How'd you like to be a big _____?Wheel
58%
Makin' all the guys on the ______ turn greenCorner
50%
A little nookie gonna clean up those ____ and you'll get it! Uh huh!Zits
50%
C'mon Seymore, don't be a ____Putz
50%
Think it ____Over
50%
Work up some ____ and you'll get itGuts
50%
Trust me and your life will surely _____ king Tuts'Rival
50%
The kind of red-___ treatsHot
50%
Mmmmm ____ you do... Ha ha haSure
50%
Show a little __________, boyInitiative
42%
If you wanna be ________Profound
42%
If you really gotta _______Justify
42%
The kind of sticky-licky ______ I craaaaave! Woaah!Sweets
42%
C'mon ___, what will it be?Kid
33%
Take a ______ and look aroundBreath
33%
You know the kind of _____Meats
33%
The _____ coveragePress
25%

Score Distribution

Percentile by Number Answered

Percent of People with Each Score

Your Score History

You have not taken this quiz